000 00743nam a2200205 a 4500
001 BRCA_1590
005 20190320203457.0
008 251105s1995----mx-a---###---#000-0#spa-d
041 _aspa
044 _amx
050 4 _aAM23
_b.F84 1995
245 1 0 _aFuego, masa y poder
_balrededor de Elías Canetti.
260 _aMéxico
_bMuseo de Arte Moderno
_c1995
300 _a69 p.
_bil., fotografías
_c28 cm.
500 _aCatálogo de la exposición realizada en el Museo de Arte Moderno, Galería Fernando Gamboa (Ciudad de México), 15 junio - 10 septiembre, 1995
500 _aIncluye biografía de Elías Canetti: p. 68
500 _aEstado físico: encuadernado, enero 2013
650 1 4 _aMuseos
_xHistoria
_zMéxico
_9149
942 _2lcc
_cB
999 _c1414
_d1414